000
00302nam a22001337a 4500
008
181019b xxu||||| |||| 00| 0 eng d
020
_a
0070296014
041
_a
eng
080
_a
621
100
_a
21
101
_a
MEK
245
_a
Experimental Methods for Engineers
_c
Holman, J.P
942
_2
udc
_c
BK
999
_c
50276
_d
50276